Crédito y cobranza : guía práctica /

El autor desarrolla su planteamiento orientándolo al crédito comercial. Esto es, al crédito otorgado entre negocios y no al crédito al último consumidor o crédito en ventas al detalle. Su finalidad es proporcionar los procedimientos a seguir en el control y sistematización del manejo adecuado del cr...

Deskribapen osoa

Gorde:
Xehetasun bibliografikoak
Egile nagusia: Hayes, Stephan (autor)
Formatua: Liburua
Hizkuntza:gaztelania
Argitaratua: México : ECASA, 1987, c1987
Gaiak:
Etiketak: Etiketa erantsi
Etiketarik gabe, Izan zaitez lehena erregistro honi etiketa jartzen!

MARC

LEADER 00000nam^a2200000^a^4500
001 000156778
005 20250521000000.0
009 20260310100515.074
020 |a 968-6014-35-7 
037 |a Acervo ITESO - Biblioteca 
041 |a ESP 
082 |a 658. 88  |b HAY 
100 |a Hayes, Stephan  |e (autor) 
245 1 0 |a Crédito y cobranza :  |b guía práctica /  |c H. Stephan. 
264 4 |a México :  |b ECASA,  |c 1987, c1987 
300 |a 333 p. 
336 |a texto  |b txt  |2 rdacontenido 
337 |a sin mediación  |b n  |2 rdamedio 
338 |a volumen  |b nc  |2 rdasoporte 
520 |a El autor desarrolla su planteamiento orientándolo al crédito comercial. Esto es, al crédito otorgado entre negocios y no al crédito al último consumidor o crédito en ventas al detalle. Su finalidad es proporcionar los procedimientos a seguir en el control y sistematización del manejo adecuado del crédito y la cobranza. 
649 |a XX 
650 |a Clientes 
650 |a Deudor y Acreedor -  |z EUA 
650 |a Crédito -  |z EUA 
650 |a Cobranza -  |z EUA 
650 |a Sistemas de Información 
650 |a Automatización 
650 |a Proceso Administrativo 
650 |a Información Financiera 
650 |a Contabilidad Financiera 
650 |a Comercio Internacional 
650 |a Contabilidad 
650 |a Administración 
650 |a Derecho Mercantil -  |z EUA 
650 |a Ciencias Administrativas 
910 |a Fondo General 
920 |a Impresos - Libros 
930 |a Colección General 
905 |a 101 
901 |a 0500096961  |b IT1  |c ACC  |u 20250521 
902 |a https://opac.biblio.iteso.mx/vufind/Record/000156778